A munka világa

Elmentve itt :
Bibliográfiai részletek
Szerző: Orosz Andrea
Dokumentumtípus: Könyv
Megjelent: 2013
Kulcsszavak:munkaügy
munkagazdaságtan
Tárgyszavak:
Online Access:http://eta.bibl.u-szeged.hu/705
LEADER 00713nnm a2200217 i 4500
001 eta705
005 20181114093647.0
008 181114s2013 hu o 0|| hun d
040 |a SZTE Elektronikus Tananyag Archívum  |b hun 
041 |a hun 
100 1 |a Orosz Andrea 
245 1 2 |a A munka világa  |h [elektronikus dokumentum] /  |c  Orosz Andrea 
246 1 0 |a The language of the world of work  |h [elektronikus dokumentum] 
260 |c 2013 
300 |a 100 
516 |a Book 
650 4 |a Társadalomtudományok 
650 4 |a Közgazdasági és gazdálkodástudományok 
695 |a munkaügy 
695 |a munkagazdaságtan 
856 4 0 |u https://eta.bibl.u-szeged.hu/705/1/tankonyv_orosz_andrea_munka.pdf  |z Dokumentum-elérés